[Event "Irkutsk Region-ch (Women)"]
[Site "Irkutsk"]
[Date "2012.12.08"]
[Round "9"]
[White "Trapeznikova, Darya"]
[Black "Tolmacheva, Eva"]
[Result "1-0"]
[WhiteElo "2054"]
[BlackElo "1911"]
[PlyCount "75"]
[EventDate "2012.11.30"]
[EventType "swiss"]
[EventRounds "9"]
[EventCountry "RUS"]
[SourceTitle "EXT 2022"]
[Source "ChessBase"]
[SourceDate "2021.10.06"]
[SourceVersion "1"]
[SourceVersionDate "2021.10.06"]
[SourceQuality "1"]

1. d4 c5 2. d5 Nf6 3. c4 d6 4. Nc3 g6 5. e4 Bg7 6. Nf3 0-0 7. h3 Na6 8. Bd3 Nc7 9. 0-0 a6 10. a4 Rb8 11. Re1 Nd7 12. Bf4 Ne5 13. a5 Nxf3+ 14. Qxf3 e5 15. Bd2 f5 16. Na4 f4 17. b4 Bd7 18. bxc5 Bxa4 19. cxd6 Nxd5 20. Rxa4 b5 21. axb6 Nxb6 22. Rxa6 Qxd6 23. Rb1 Rfd8 24. Ba5 Qa3 25. Raxb6 Rxb6 26. Bxb6 Rxd3 27. Qg4 Qd6 28. c5 Qc6 29. Rd1 Qxe4 30. Qe6+ Kf8 31. Rxd3 Qxd3 32. Qc8+ Kf7 33. Qb7+ Kf6 34. c6 Qd1+ 35. Kh2 f3 36. c7 fxg2 37. Qxg2 Qc1 38. Qg4 1-0

[Event "Irkutsk Region-ch (Women)"]
[Site "Irkutsk"]
[Date "2012.12.06"]
[Round "7"]
[White "Mikhina, Darya"]
[Black "Tolmacheva, Eva"]
[Result "0-1"]
[WhiteElo "1975"]
[BlackElo "1911"]
[PlyCount "44"]
[EventDate "2012.11.30"]
[EventType "swiss"]
[EventRounds "9"]
[EventCountry "RUS"]
[SourceTitle "EXT 2022"]
[Source "ChessBase"]
[SourceDate "2021.10.06"]
[SourceVersion "1"]
[SourceVersionDate "2021.10.06"]
[SourceQuality "1"]

1. d4 c5 2. d5 Nf6 3. Nc3 g6 4. e4 d6 5. Be2 Bg7 6. Nf3 0-0 7. Nd2 Na6 8. 0-0 Nc7 9. a4 b6 10. Nc4 Ba6 11. Ne3 Bxe2 12. Qxe2 a6 13. Bd2 b5 14. f3 b4 15. Ncd1 e6 16. dxe6 Nxe6 17. Nc4 Nd4 18. Qd3 d5 19. exd5 Nxd5 20. Nde3 Nf4 21. Qe4 Re8 22. Qxf4 Ne2+ 0-1

[Event "Irkutsk Region-ch (Women)"]
[Site "Irkutsk"]
[Date "2012.12.02"]
[Round "3"]
[White "Penzina, Tatyana"]
[Black "Tolmacheva, Eva"]
[Result "0-1"]
[WhiteElo "1446"]
[BlackElo "1911"]
[PlyCount "126"]
[EventDate "2012.11.30"]
[EventType "swiss"]
[EventRounds "9"]
[EventCountry "RUS"]
[SourceTitle "EXT 2022"]
[Source "ChessBase"]
[SourceDate "2021.10.06"]
[SourceVersion "1"]
[SourceVersionDate "2021.10.06"]
[SourceQuality "1"]

1. e4 c5 2. Nf3 Nc6 3. d4 cxd4 4. Nxd4 Nf6 5. Nc3 d6 6. g3 e5 7. Nde2 Be7 8. Bg2 0-0 9. 0-0 a6 10. Be3 b5 11. a3 Bb7 12. h3 Na5 13. g4 Nc4 14. Bc1 Qc7 15. Ng3 Rad8 16. g5 Ne8 17. Nd5 Bxd5 18. exd5 f5 19. gxf6 Nxf6 20. Nf5 Rc8 21. b3 Nb6 22. Be3 Bd8 23. Rc1 Qd7 24. Ng3 Kh8 25. Qe2 Nbxd5 26. c4 Nxe3 27. fxe3 Bb6 28. Kh2 bxc4 29. bxc4 Bc5 30. a4 Rb8 31. Rc2 Rb3 32. Rf3 Rfb8 33. Qf2 Qe6 34. Ne4 Nxe4 35. Rf8+ Rxf8 36. Qxf8+ Qg8 37. Qxg8+ Kxg8 38. Bxe4 Rxe3 39. Bd5+ Kh8 40. Kg2 Rb3 41. Rd2 a5 42. Re2 Rb4 43. Ra2 g6 44. Kf3 Rb3+ 45. Kg2 Kg7 46. Ra1 Rb2+ 47. Kh1 Be3 48. Rf1 Bf4 49. Bg2 Kf6 50. h4 Rb3 51. Bc6 Rh3+ 52. Kg2 Rxh4 53. Rf3 g5 54. Rh3 Rxh3 55. Kxh3 h5 56. Be4 Bd2 57. Bd3 Be1 58. Be4 g4+ 59. Kg2 h4 60. Kf1 Bb4 61. Kg2 Kg5 62. Bc6 Kf4 63. Bd5 e4 0-1

[Event "Irkutsk Ermolaev Memorial 5th"]
[Site "Irkutsk"]
[Date "2011.08.07"]
[Round "2"]
[White "Tolmacheva, Eva"]
[Black "Besedin, Anatoly"]
[Result "1-0"]
[WhiteElo "1917"]
[BlackElo "2067"]
[PlyCount "71"]
[EventDate "2011.08.06"]
[EventType "swiss"]
[EventRounds "9"]
[EventCountry "RUS"]
[SourceTitle "CBM 144 Extra"]
[Source "ChessBase"]
[SourceDate "2011.10.28"]
[SourceVersion "1"]
[SourceVersionDate "2011.10.28"]
[SourceQuality "1"]

1. b4 e5 2. Bb2 d6 3. Nf3 f5 4. e3 Nf6 5. c4 e4 6. Nd4 c5 7. Nc2 Nc6 8. b5 Ne5 9. Bxe5 dxe5 10. Nc3 Be6 11. Be2 Be7 12. 0-0 0-0 13. d3 Qa5 14. Qe1 exd3 15. Bxd3 Rad8 16. Be2 Kf7 17. Rb1 Rd6 18. Ne4 Qxa2 19. Nxd6+ Bxd6 20. Qc1 Qa5 21. Ra1 Qb6 22. Qa3 Bb8 23. Rfd1 Qc7 24. g3 h5 25. Ne1 g5 26. Nd3 b6 27. f4 gxf4 28. exf4 exf4 29. Nxf4 h4 30. Qe3 Re8 31. Qf3 hxg3 32. hxg3 Rg8 33. Kf1 Ne4 34. Qh5+ Ke7 35. Qh7+ Ke8 36. Bh5+ 1-0

[Event "Sibiria Region-ch (Women)"]
[Site "Barnaul"]
[Date "2011.05.25"]
[Round "6"]
[White "Tolmacheva, Eva"]
[Black "Trapeznikova, Darya"]
[Result "0-1"]
[WhiteElo "1917"]
[BlackElo "1988"]
[PlyCount "68"]
[EventDate "2011.05.20"]
[EventType "swiss"]
[EventRounds "9"]
[EventCountry "RUS"]
[SourceTitle "EXT 2012"]
[Source "ChessBase"]
[SourceDate "2011.11.24"]
[SourceVersion "1"]
[SourceVersionDate "2011.11.24"]
[SourceQuality "1"]

1. e4 e6 2. Qe2 c5 3. g3 Nc6 4. Nf3 d6 5. Bg2 g6 6. c3 Bg7 7. 0-0 Nge7 8. Na3 0-0 9. Nc2 e5 10. Rb1 Kh8 11. b4 f5 12. b5 Na5 13. d4 fxe4 14. Ng5 d5 15. dxc5 Qc7 16. Be3 h6 17. Nh3 Be6 18. b6 axb6 19. Rxb6 Qc8 20. Rxe6 Qxe6 21. Nb4 Nc4 22. Bc1 Ra5 23. f3 exf3 24. Rxf3 Rxf3 25. Qxf3 Rxc5 26. Nf2 e4 27. Qf4 Ne5 28. Nc2 Rxc3 29. Nd4 Qf7 30. Qd2 Nd3 31. Nb3 Qxf2+ 32. Qxf2 Nxf2 33. Kxf2 Rc2+ 34. Kf1 Rxa2 0-1

[Event "Irkutsk Region-ch (Women)"]
[Site "Irkutsk"]
[Date "2010.12.13"]
[Round "3"]
[White "Kopanchuk, Tamara"]
[Black "Tolmacheva, Eva"]
[Result "0-1"]
[WhiteElo "1883"]
[BlackElo "1930"]
[PlyCount "117"]
[EventDate "2010.12.11"]
[EventType "swiss"]
[EventRounds "9"]
[EventCountry "RUS"]
[SourceTitle "EXT 2022"]
[Source "ChessBase"]
[SourceDate "2021.10.06"]
[SourceVersion "1"]
[SourceVersionDate "2021.10.06"]
[SourceQuality "1"]

1. e4 c5 2. Nf3 Nc6 3. Bc4 d6 4. d3 Nf6 5. h3 a6 6. c3 b5 7. Bb3 e6 8. Bf4 Be7 9. 0-0 0-0 10. Qe2 Bb7 11. Ng5 Qd7 12. Nd2 h6 13. Ngf3 a5 14. d4 cxd4 15. Nxd4 Nxd4 16. cxd4 a4 17. Bc2 Rfd8 18. e5 dxe5 19. dxe5 Qc6 20. Nf3 Nh5 21. Be3 b4 22. Rfd1 Ba6 23. Bd3 Bxd3 24. Rxd3 Rxd3 25. Qxd3 Rd8 26. Qe2 Qe4 27. Rd1 Nf4 28. Rxd8+ Bxd8 29. Qd1 Nd5 30. Qxa4 Nxe3 31. fxe3 Qxe3+ 32. Kh2 Qf4+ 33. Kh1 Bb6 34. Qc2 g6 35. a4 Qe3 36. b3 Kg7 37. Qc4 g5 38. Qxb4 Qc1+ 39. Qe1 Qb2 40. b4 Bf2 41. Qd2 Qb1+ 42. Kh2 Ba7 43. b5 Qe4 44. a5 Be3 45. Qe1 Bf4+ 46. Kh1 Qb7 47. Qe2 Qa7 48. b6 Qb7 49. Qc4 Be3 50. Qc2 Qa6 51. Qc6 Qxa5 52. b7 Qa1+ 53. Kh2 Bf4+ 54. g3 Qb2+ 55. Kh1 Be3 56. Qe4 Ba7 57. h4 Qc1+ 58. Kg2 Qc7 59. Nd4 0-1

[Event "Irkutsk Region-ch (Women)"]
[Site "Irkutsk"]
[Date "2010.12.12"]
[Round "2"]
[White "Tolmacheva, Eva"]
[Black "Smyshliaeva, Lada"]
[Result "1-0"]
[WhiteElo "1930"]
[BlackElo "1725"]
[PlyCount "94"]
[EventDate "2010.12.11"]
[EventType "swiss"]
[EventRounds "9"]
[EventCountry "RUS"]
[SourceTitle "EXT 2022"]
[Source "ChessBase"]
[SourceDate "2021.10.06"]
[SourceVersion "1"]
[SourceVersionDate "2021.10.06"]
[SourceQuality "1"]

1. c4 e6 2. Nf3 Nf6 3. g3 d5 4. Bg2 c6 5. 0-0 Bd6 6. d4 b6 7. Qa4 Qc7 8. cxd5 exd5 9. Nc3 0-0 10. e4 Nxe4 11. Nxe4 dxe4 12. Ng5 f5 13. Bd2 h6 14. Qb3+ Kh8 15. Ne6 Bxe6 16. Qxe6 Qe7 17. Qc4 Qf7 18. Qc2 Qd5 19. Bc3 Be7 20. f3 exf3 21. Bxf3 Qd6 22. Qe2 Bf6 23. Rad1 Rd8 24. Rfe1 f4 25. Qe6 fxg3 26. Qxd6 Rxd6 27. hxg3 Na6 28. Re4 Nc7 29. Bb4 c5 30. dxc5 Rxd1+ 31. Bxd1 Bxb2 32. c6 Rd8 33. Bc2 Bf6 34. Be7 Rd2 35. Bb3 Rd4 36. Re1 Rg4 37. Kg2 Bc3 38. Rd1 Be5 39. Rd8+ Kh7 40. Bg8+ Kg6 41. Bh4 Rd4 42. Rd7 Rb4 43. Kf3 Rb1 44. Bd8 Na6 45. Rxa7 Nb4 46. Ra4 Nxc6 47. Rg4+ Kf5 1-0

[Event "Sibiria Region-ch (Women)"]
[Site "Irkutsk"]
[Date "2010.05.22"]
[Round "9"]
[White "Cheremnova, Tamara"]
[Black "Tolmacheva, Eva"]
[Result "1-0"]
[WhiteElo "2245"]
[BlackElo "1904"]
[PlyCount "85"]
[EventDate "2010.05.15"]
[EventType "swiss"]
[EventRounds "9"]
[EventCountry "RUS"]
[SourceTitle "CBM 136 Extra"]
[Source "ChessBase"]
[SourceDate "2010.07.02"]
[SourceVersion "2"]
[SourceVersionDate "2010.07.15"]
[SourceQuality "1"]

1. d4 c5 2. d5 d6 3. c4 Nf6 4. Nc3 g6 5. e4 Bg7 6. f3 Na6 7. Nge2 Nc7 8. Ng3 Rb8 9. Be2 a6 10. a4 0-0 11. Be3 b5 12. Qd2 bxc4 13. Bxc4 Rb4 14. b3 e6 15. 0-0 exd5 16. exd5 Bb7 17. Rad1 Ba8 18. Rfe1 Qd7 19. Kh1 Rbb8 20. Bf4 Bb7 21. Nge4 Nxe4 22. Nxe4 Ne8 23. Nxc5 dxc5 24. Bxb8 Nd6 25. Bxd6 Qxd6 26. Qe3 Bf6 27. Re2 h6 28. Qxh6 Bd4 29. Re4 Bg7 30. Qf4 Qd8 31. Re2 Bf6 32. d6 Bg5 33. Qe5 Bf6 34. Qxc5 Kg7 35. Qc7 Qa8 36. Rd3 Bd8 37. Qc5 Rh8 38. d7 Bh4 39. Qc7 Bd8 40. Qe5+ Bf6 41. Qe8 Bd8 42. Qxf7+ Kh6 43. Rd6 1-0

[Event "Sibiria Region-ch (Women)"]
[Site "Irkutsk"]
[Date "2010.05.19"]
[Round "6"]
[White "Tolmacheva, Eva"]
[Black "Timofeeva, Ekaterina"]
[Result "0-1"]
[WhiteElo "1904"]
[BlackElo "2276"]
[PlyCount "50"]
[EventDate "2010.05.15"]
[EventType "swiss"]
[EventRounds "9"]
[EventCountry "RUS"]
[SourceTitle "CBM 136 Extra"]
[Source "ChessBase"]
[SourceDate "2010.07.02"]
[SourceVersion "2"]
[SourceVersionDate "2010.07.15"]
[SourceQuality "1"]

1. e4 d6 2. d4 Nf6 3. f3 d5 4. Bg5 dxe4 5. Bxf6 exf6 6. fxe4 f5 7. Nd2 Qxd4 8. Qe2 Qxb2 9. Rb1 Qf6 10. Ngf3 Be7 11. e5 Qe6 12. Qe3 0-0 13. Bc4 Qc6 14. Nd4 Qxg2 15. Rg1 Bh4+ 16. Kd1 Qf2 17. Rb3 Qxe3 18. Rxe3 Bf2 19. Reg3 Bxg1 20. Rxg1 Nc6 21. Nxc6 bxc6 22. Nf3 Be6 23. Bd3 Bxa2 24. Bxf5 Be6 25. Be4 Bd5 0-1

[Event "Irkutsk Region-ch (Women)"]
[Site "Irkutsk"]
[Date "2009.12.28"]
[Round "5"]
[White "Trapeznikova, Darya"]
[Black "Tolmacheva, Eva"]
[Result "0-1"]
[WhiteElo "1976"]
[BlackElo "1908"]
[PlyCount "74"]
[EventDate "2009.12.26"]
[EventType "swiss"]
[EventRounds "9"]
[EventCountry "RUS"]
[SourceTitle "EXT 2022"]
[Source "ChessBase"]
[SourceDate "2021.10.06"]
[SourceVersion "1"]
[SourceVersionDate "2021.10.06"]
[SourceQuality "1"]

1. d4 c5 2. d5 Nf6 3. c4 d6 4. Nc3 g6 5. e4 Bg7 6. Nf3 Bg4 7. h3 Bxf3 8. Qxf3 Na6 9. Bd3 Nc7 10. 0-0 0-0 11. Be3 Nd7 12. Qe2 a6 13. a4 Rb8 14. f4 e6 15. Kh2 Qe8 16. g4 exd5 17. cxd5 b5 18. axb5 Nxb5 19. Qc2 Nd4 20. Bxd4 cxd4 21. Ne2 Nc5 22. Rfb1 Rb3 23. Ra3 Rxd3 24. Rxd3 Qxe4 25. Rbd1 Rb8 26. Ng3 Qxd5 27. R3d2 d3 28. Qc1 Qd4 29. Re2 a5 30. Kg2 a4 31. f5 Rxb2 32. Rxb2 Qxb2+ 33. Kf3 Qb3 34. Qb1 Qd5+ 35. Kf2 Bd4+ 36. Ke1 Qe5+ 37. Kf1 Qxg3 0-1

[Event "Irkutsk Ermolaev Memorial 3rd"]
[Site "Irkutsk"]
[Date "2009.07.09"]
[Round "6"]
[White "Tolmacheva, Eva"]
[Black "Usov, Alexander"]
[Result "0-1"]
[WhiteElo "1931"]
[BlackElo "1731"]
[PlyCount "87"]
[EventDate "2009.07.04"]
[EventType "swiss"]
[EventRounds "9"]
[EventCountry "RUS"]
[SourceTitle "EXT 2012"]
[Source "ChessBase"]
[SourceDate "2011.11.24"]
[SourceVersion "1"]
[SourceVersionDate "2011.11.24"]
[SourceQuality "1"]

1. b4 e6 2. Bb2 Nf6 3. b5 d5 4. Nf3 a6 5. a4 Nbd7 6. e3 Bd6 7. c4 c6 8. Nc3 Nb6 9. Qb3 dxc4 10. Bxc4 Nxc4 11. Qxc4 Bd7 12. 0-0 0-0 13. bxa6 Rxa6 14. Ba3 Qc7 15. Bxd6 Qxd6 16. d4 Rfa8 17. Rab1 Bc8 18. e4 Qd7 19. h3 h6 20. Rfd1 Qe8 21. Ne5 Ra5 22. Nd3 Bd7 23. Rxb7 c5 24. Nxc5 Bc6 25. Rb2 Qc8 26. Qd3 Nd7 27. Nxd7 Bxd7 28. Nb5 Rxa4 29. Nd6 Qc6 30. e5 Qd5 31. Rdb1 Rxd4 32. Rb8+ Bc8 33. Qg3 Rd1+ 34. Kh2 Rxb1 35. Ne8 Kf8 36. Qxg7+ Kxe8 37. Qg8+ Ke7 38. Rxb1 Qxe5+ 39. Kg1 Qe4 40. Rd1 Bb7 41. Qg3 e5 42. Rc1 Rc8 43. Rd1 Bd5 44. Qa3+ 0-1

[Event "Irkutsk Ermolaev Memorial 3rd"]
[Site "Irkutsk"]
[Date "2009.07.08"]
[Round "5"]
[White "Nevsky, Igor"]
[Black "Tolmacheva, Eva"]
[Result "1-0"]
[WhiteElo "1963"]
[BlackElo "1931"]
[PlyCount "101"]
[EventDate "2009.07.04"]
[EventType "swiss"]
[EventRounds "9"]
[EventCountry "RUS"]
[SourceTitle "EXT 2012"]
[Source "ChessBase"]
[SourceDate "2011.11.24"]
[SourceVersion "1"]
[SourceVersionDate "2011.11.24"]
[SourceQuality "1"]

1. e4 d6 2. d4 Nf6 3. Nc3 g6 4. Be2 Bg7 5. h4 h5 6. Bg5 Nbd7 7. Qd2 c5 8. d5 Ne5 9. Nh3 a6 10. a4 Rb8 11. Nf4 Bd7 12. a5 b5 13. axb6 Qxb6 14. Nd3 Nc4 15. Qc1 Nxb2 16. Nxb2 Qxb2 17. Qxb2 Rxb2 18. Rxa6 0-0 19. Kd2 Rfb8 20. Rha1 R2b4 21. f3 Kh7 22. Ra8 R8b7 23. R1a7 Bh6 24. Ba6 Rxa7 25. Rxa7 Rb6 26. Bd3 Rb8 27. f4 Rd8 28. g3 Bxg5 29. hxg5 Ng4 30. Ne2 Kg8 31. Nc1 Kf8 32. Nb3 Nf2 33. Na5 Bg4 34. Nc6 Rd7 35. Ra8+ Kg7 36. Rb8 Nh1 37. Re8 Nxg3 38. Nxe7 Rxe7 39. Rxe7 h4 40. f5 h3 41. f6+ Kg8 42. Re8+ Kh7 43. Rf8 h2 44. Rxf7+ Kg8 45. Rg7+ Kh8 46. Rxg6 h1Q 47. Rh6+ Qxh6 48. gxh6 Bh5 49. e5 dxe5 50. d6 Be8 51. d7 1-0

[Event "Irkutsk Ermolaev Memorial 3rd"]
[Site "Irkutsk"]
[Date "2009.07.04"]
[Round "1"]
[White "Shelk, Alexander"]
[Black "Tolmacheva, Eva"]
[Result "1-0"]
[WhiteElo "2378"]
[BlackElo "1931"]
[PlyCount "59"]
[EventDate "2009.07.04"]
[EventType "swiss"]
[EventRounds "9"]
[EventCountry "RUS"]
[SourceTitle "EXT 2012"]
[Source "ChessBase"]
[SourceDate "2011.11.24"]
[SourceVersion "1"]
[SourceVersionDate "2011.11.24"]
[SourceQuality "1"]

1. d4 Nf6 2. Nf3 c5 3. d5 g6 4. Nc3 d6 5. e4 Bg7 6. Be2 0-0 7. 0-0 Na6 8. Bf4 Nc7 9. a4 a6 10. Nd2 Rb8 11. a5 Bd7 12. Nc4 Bb5 13. Re1 Bxc4 14. Bxc4 Nh5 15. Bd2 Bd4 16. Bh6 Bg7 17. Qd2 Qd7 18. Na4 Na8 19. Bxg7 Nxg7 20. b3 Qe8 21. e5 Qd7 22. Nc3 Nf5 23. Ne4 Qc7 24. e6 f6 25. c3 Qd8 26. Kh1 Nc7 27. g4 Nh4 28. Qh6 g5 29. Bd3 Nxd5 30. Nxg5 1-0

[Event "Sibiria Region-ch (Women)"]
[Site "Irkutsk"]
[Date "2009.05.14"]
[Round "6"]
[White "Tolmacheva, Eva"]
[Black "Karetnikova, Julia"]
[Result "1/2-1/2"]
[WhiteElo "1942"]
[BlackElo "1982"]
[PlyCount "79"]
[EventDate "2009.05.10"]
[EventType "swiss"]
[EventRounds "9"]
[EventCountry "RUS"]
[SourceTitle "CBM 130 Extra"]
[Source "ChessBase"]
[SourceDate "2009.07.02"]
[SourceVersion "2"]
[SourceVersionDate "2009.07.15"]
[SourceQuality "1"]

1. d4 d5 2. c4 c6 3. Nf3 g6 4. Nc3 Nf6 5. Bg5 Bg7 6. h3 Nbd7 7. cxd5 Nxd5 8. e4 N5f6 9. Qd2 Qa5 10. Bd3 0-0 11. 0-0 Re8 12. e5 Nd5 13. Rfe1 Nf8 14. Nxd5 Qxd5 15. Rac1 Be6 16. b3 Qd7 17. Qf4 Bd5 18. Qe3 Ne6 19. Bc4 Bxf3 20. Bxe6 Qxe6 21. Qxf3 Rad8 22. Re4 Rd5 23. Qf4 Red8 24. Qh4 R8d7 25. Be3 Ra5 26. Rc2 Rad5 27. Bg5 Rc7 28. Qf4 Rcd7 29. Qe3 Rd8 30. Rh4 f6 31. Bh6 Qf7 32. e6 Qf8 33. Bxg7 Qxg7 34. Rc5 f5 35. Rxd5 Rxd5 36. Qg3 Rd6 37. Qe3 Qf6 38. Qh6 Qg7 39. Qe3 Qf6 40. Qh6 1/2-1/2

[Event "Dimitrovgrad-ch"]
[Site "Dimitrovgrad"]
[Date "2009.??.??"]
[Round "8"]
[White "Tolmacheva, Eva"]
[Black "Tunik, Sergey"]
[Result "1/2-1/2"]
[WhiteElo "1930"]
[BlackElo "1895"]
[PlyCount "104"]
[EventDate "2009.08.??"]
[EventType "swiss"]
[EventRounds "9"]
[EventCountry "RUS"]
[SourceTitle "EXT 2012"]
[Source "ChessBase"]
[SourceDate "2011.11.24"]
[SourceVersion "1"]
[SourceVersionDate "2011.11.24"]
[SourceQuality "1"]

1. b4 e5 2. Bb2 f6 3. e4 Bxb4 4. Bc4 Ne7 5. Qh5+ g6 6. Qh4 d5 7. exd5 Nf5 8. Bb5+ c6 9. Qxb4 cxb5 10. Nc3 Bd7 11. Ne4 Na6 12. Qb3 Rc8 13. Nf3 Nc5 14. Nxc5 Rxc5 15. Ba3 Rc4 16. 0-0 Kf7 17. d3 Rc8 18. Rfe1 Re8 19. Re4 Kg7 20. Rae1 Qc7 21. d4 exd4 22. Rxe8 Rxe8 23. Rxe8 Bxe8 24. Qb4 Qf7 25. Nxd4 Nxd4 26. Qxd4 b6 27. Qb4 g5 28. Qd4 Qd7 29. Qe4 Bf7 30. d6 Bxa2 31. Qe7+ Qxe7 32. dxe7 Kf7 33. f3 a5 34. Bd6 b4 35. Kf2 Bb1 36. Ke2 Bxc2 37. Kd2 Bg6 38. Bc7 Kxe7 39. Bxb6 a4 40. Bc5+ Ke6 41. Bxb4 f5 42. Ke3 Kd5 43. Kd3 Ke5 44. Bc5 Be8 45. Kc4 Bc6 46. Be3 g4 47. fxg4 fxg4 48. h3 g3 49. Ba7 Bxg2 50. Bb8+ Ke4 51. Bxg3 Bxh3 52. Kb4 Bd7 1/2-1/2

[Event "Angarsk (Women) op"]
[Site "Angarsk"]
[Date "2007.03.25"]
[Round "8"]
[White "Zaichenko, Daria"]
[Black "Tolmacheva, Eva"]
[Result "1-0"]
[WhiteElo "2038"]
[BlackElo "1939"]
[PlyCount "71"]
[EventDate "2007.03.19"]
[EventType "swiss"]
[EventRounds "9"]
[EventCountry "RUS"]
[SourceTitle "EXT 2008"]
[Source "ChessBase"]
[SourceDate "2007.11.25"]
[SourceVersion "1"]
[SourceVersionDate "2007.11.25"]
[SourceQuality "1"]

1. d4 Nf6 2. c4 c5 3. d5 d6 4. Nc3 g6 5. e4 Bg7 6. Nf3 0-0 7. h3 Na6 8. Bd3 Nc7 9. 0-0 a6 10. Re1 Rb8 11. e5 dxe5 12. Nxe5 Nd7 13. Bf4 Nxe5 14. Bxe5 b5 15. Bxg7 Kxg7 16. Ne4 Bf5 17. Nxc5 Bxd3 18. Qxd3 bxc4 19. Qxc4 Kg8 20. b3 Qd6 21. Rad1 Rfc8 22. Ne4 Qa3 23. Qe2 Rd8 24. d6 Nb5 25. dxe7 Qxe7 26. Qe3 Rxd1 27. Rxd1 Rd8 28. Rxd8+ Qxd8 29. Qd2 Qe7 30. Nc3 Qe5 31. Nxb5 axb5 32. g3 Kg7 33. Kh2 Qa1 34. Kg2 h5 35. h4 Kg8 36. Qb4 1-0

[Event "Angarsk (Women) op"]
[Site "Angarsk"]
[Date "2007.03.23"]
[Round "6"]
[White "Tolmacheva, Eva"]
[Black "Khlichkova, Tatiana"]
[Result "0-1"]
[WhiteElo "1939"]
[BlackElo "2030"]
[PlyCount "88"]
[EventDate "2007.03.19"]
[EventType "swiss"]
[EventRounds "9"]
[EventCountry "RUS"]
[SourceTitle "EXT 2008"]
[Source "ChessBase"]
[SourceDate "2007.11.25"]
[SourceVersion "1"]
[SourceVersionDate "2007.11.25"]
[SourceQuality "1"]

1. b4 d5 2. Bb2 Nf6 3. Nf3 e6 4. b5 a6 5. a4 axb5 6. axb5 Rxa1 7. Bxa1 Nbd7 8. c4 dxc4 9. Qc2 b6 10. Qxc4 Bb7 11. Bb2 Nc5 12. Nc3 Bd6 13. d3 Nd5 14. e4 Nf4 15. g3 Ng6 16. Nb1 0-0 17. Nbd2 Be7 18. Be2 Bf6 19. Bxf6 Qxf6 20. 0-0 h6 21. Nb3 Qb2 22. Nxc5 Qxe2 23. Nd4 Qb2 24. Nxb7 Ne5 25. Qxc7 Qxd4 26. Qd6 Qxd6 27. Nxd6 Nxd3 28. Nc4 Nc5 29. e5 f6 30. f4 fxe5 31. Nxe5 Rd8 32. Rc1 Rd5 33. Nc6 Kf7 34. Ra1 Nd3 35. Ra7+ Kf6 36. Ra3 e5 37. Ra8 exf4 38. Rf8+ Ke6 39. gxf4 Rxb5 40. f5+ Kd5 41. Nd8 Ke4 42. Nf7 Kf3 43. h4 Nf2 44. Ne5+ Rxe5 0-1

[Event "Angarsk (Women) op"]
[Site "Angarsk"]
[Date "2007.03.20"]
[Round "3"]
[White "Kol, Natalia"]
[Black "Tolmacheva, Eva"]
[Result "1-0"]
[WhiteElo "2104"]
[BlackElo "1939"]
[PlyCount "49"]
[EventDate "2007.03.19"]
[EventType "swiss"]
[EventRounds "9"]
[EventCountry "RUS"]
[SourceTitle "EXT 2008"]
[Source "ChessBase"]
[SourceDate "2007.11.25"]
[SourceVersion "1"]
[SourceVersionDate "2007.11.25"]
[SourceQuality "1"]

1. d4 Nf6 2. Nf3 c5 3. c3 b6 4. Bg5 Bb7 5. Nbd2 d6 6. e3 Nbd7 7. Bd3 g6 8. Qe2 Bg7 9. e4 Qc7 10. e5 dxe5 11. dxe5 0-0 12. exf6 exf6 13. Be3 Rfe8 14. 0-0 f5 15. g3 Bh6 16. Rfe1 Ne5 17. Nxe5 Rxe5 18. Ba6 f4 19. Bxb7 Rae8 20. Nc4 fxg3 21. hxg3 Qxb7 22. Nxe5 Rxe5 23. Bxh6 Rxe2 24. Rxe2 Qd7 25. Rae1 1-0

[Event "Koltsovo op-A"]
[Site "Koltsovo"]
[Date "2006.06.16"]
[Round "5"]
[White "Tsepennikova, Tatyana"]
[Black "Tolmacheva, Eva"]
[Result "1-0"]
[WhiteElo "2079"]
[BlackElo "1941"]
[PlyCount "57"]
[EventDate "2006.06.12"]
[EventType "swiss"]
[EventRounds "9"]
[EventCountry "RUS"]
[SourceTitle "EXT 2008"]
[Source "ChessBase"]
[SourceDate "2007.11.25"]
[SourceVersion "1"]
[SourceVersionDate "2007.11.25"]
[SourceQuality "1"]

1. e4 d6 2. d4 Nf6 3. Nc3 g6 4. Nf3 Bg7 5. Bg5 0-0 6. Qd2 c6 7. h4 h5 8. Bh6 b5 9. Bxg7 Kxg7 10. Bd3 a5 11. 0-0 b4 12. Ne2 Ba6 13. e5 dxe5 14. dxe5 Ng4 15. Nf4 e6 16. Ng5 Re8 17. Rfe1 c5 18. Rad1 Bxd3 19. Nxd3 Nc6 20. Qf4 Qc7 21. Nxc5 Ncxe5 22. Rd7 Qxc5 23. Rxe5 Nxe5 24. Rxf7+ Kg8 25. Qf6 Qf8 26. Rxf8+ Rxf8 27. Qxe6+ Kg7 28. Qxe5+ Kg8 29. Qe7 1-0